书目信息 |
| 题名: |
英语阅读与训练
|
|
| 作者: | 李宗芳 编 | |
| 分册: | 上 | |
| 出版信息: | 北京 电子工业出版社 1988.12 |
|
| 页数: | 326页 | |
| 开本: | 19cm | |
| 丛书名: | ||
| 单 册: | ||
| 中图分类: | H319.4 , H31 | |
| 科图分类: | ||
| 主题词: | 英语--教材 , 英语 | |
| 电子资源: | ||
| ISBN: | 7-5053-0426-7 | |
| 000 | 00757nam0 2200265 45 | |
| 001 | 0189004436 | |
| 005 | 20040511150702.1 | |
| 010 | @a7-5053-0426-7@dCNY3.85 | |
| 020 | @aCN@b89004436 | |
| 100 | @a19900816d1988 m y0chiy0120 ea | |
| 101 | 2 | @achi@aeng |
| 102 | @aCN@b110000 | |
| 105 | @ay z 000yy | |
| 106 | @ar | |
| 200 | 10 | @a英语阅读与训练@Aying yu yue du yu xun lian@h上@f李宗芳等编@Fli zong fang deng bian |
| 210 | @a北京@c电子工业出版社@d1988.12 | |
| 215 | @a326页@d19cm | |
| 540 | 1 | @a英语 阅读 训练@Aying yu yue du xun lian |
| 606 | @a英语@x教材 | |
| 606 | 0 | @a英语 |
| 690 | @aH319.4@v1980 | |
| 690 | @aH31 | |
| 701 | 0 | @a李宗芳@Ali zong fang@4编 |
| 801 | 0 | @aCN@bNLC@c19900816 |
| 905 | @f2@b221445-446@f1@b221443@dH31@e295:1 | |
| 英语阅读与训练.上/李宗芳等编.-北京:电子工业出版社,1988.12 |
| 326页;19cm |
| ISBN 7-5053-0426-7:CNY3.85 |
| ● |
| 相关链接 |
|
|
|
|
正题名:英语阅读与训练
索取号:H31/295:1
 
预约/预借
| 序号 | 登录号 | 条形码 | 馆藏地/架位号 | 状态 | 备注 |
| 1 | 0221443 | 000938524 | 密集书库/ [索取号:H31/295:1] | 在馆 | |
| 2 | 0221444 | 202456546 | 密集书库/ [索取号:H31/295:1] | 在馆 | |
| 3 | 0221445 | 000938631 | 第四借阅区/ [索取号:H31/295:1] | 在馆 | |
| 4 | 0221446 | 000938677 | 第四借阅区/ [索取号:H31/295:1] | 在馆 | |
| 5 | 0221447 | 000938560 | 第二样本阅览室/ [索取号:H31/295:1] | 在馆 |